| 000 | 00378nam a22001577a 4500 | ||
|---|---|---|---|
| 003 | SGT | ||
| 020 | _a9789385999741 | ||
| 082 |
_a612.015 _bT16V |
||
| 100 | _aVasudevan, D. M. | ||
| 245 | _aTextbook of Biochemistry for Medical Students | ||
| 250 | _a8th Ed. | ||
| 260 |
_aDelhi, India _bJaypee Publishers _c2016 |
||
| 300 | _a718 | ||
| 650 | _aBiochemistry | ||
| 942 |
_2ddc _cBK |
||
| 999 |
_c32252 _d32252 |
||